Loga klubów Ekstraklasa 2024/25 - Statystyki

Ogólne statystyki
  • Ten quiz został rozwiązany 35 razy
  • Średni wynik to 17 z 18
Statystyki odpowiedzi
Obrazkowy Odpowiedź % Poprawnych
Cracovia
100%
Jagiellonia Białystok
100%
Legia Warszawa
100%
Górnik Zabrze
97%
Lech Poznań
97%
Pogoń Szczecin
97%
Widzew Łódź
97%
Korona Kielce
94%
Motor Lublin
94%
Radomiak Radom
94%
Stal Mielec
94%
Lechia Gdańsk
90%
Piast Gliwice
90%
Raków Częstochowa
90%
Śląsk Wrocław
87%
GKS Katowice
84%
Puszcza Niepołomice
84%
Zagłębie Lubin
81%
Nie znaleziono quizów pasujących do podanych kryteriów
Rozkład punktacji
Procent ludzi z każdym wynikiem
Percentyl według liczby udzielonych odpowiedzi
Twoja historia wyników
Nie rozwiązałeś tego quizu